000 00928cam a2200289 a 4500
999 _c3230
_d3230
001 13548673
003 GZU
005 20201123110408.0
008 040405s2003 sa a 000 0 eng
010 _a 2004377461
020 _a0795701543 (Kwela Books)
020 _a1779220235 (Weaver Press)
040 _aDLC
_cDLC
_dDLC
042 _apcc
050 0 0 _aHQ796
_bABC 2003
245 0 0 _aABC of all the questions we never dare to ask.
250 _a1st ed.
260 _aCapetown :
_bKwela Books ;
_aHarare :
_bWeaver Press,
_c2003.
300 _a144 p. :
_bill. ;
_c22 cm.
650 0 _aYouth
_vLife-skills guides.
650 0 _aSex instruction for youth.
710 2 _aKwela Books.
710 2 _aWeaver Press.
906 _a7
_bcbc
_corignew
_d2
_encip
_f20
_gy-gencatlg
942 _2lcc
_cBK
_h796
_iABC
_kHQ